Rekhayen aadi tirchhi/ (Record no. 71910)

000 -LEADER
fixed length control field 00367nam a22001577a 4500
020 ## - INTERNATIONAL STANDARD BOOK NUMBER
ISBN 9789383682713
082 ## - DEWEY DECIMAL CLASSIFICATION NUMBER
Classification number H3
Item number PRA/R
100 ## - MAIN ENTRY--AUTHOR NAME
Personal name Pratibha Johri
245 ## - TITLE STATEMENT
Title Rekhayen aadi tirchhi/
Statement of responsibility, etc by Pratibha Johri
260 ## - PUBLICATION, DISTRIBUTION, ETC. (IMPRINT)
Place of publication Kanpur:
Name of publisher Aman,
Year of publication 2015.
300 ## - PHYSICAL DESCRIPTION
Number of Pages 248p.
650 ## - SUBJECT ADDED ENTRY--TOPICAL TERM
Topical Term Novel Hindi
650 ## - SUBJECT ADDED ENTRY--TOPICAL TERM
Topical Term Literature Hindi
650 ## - SUBJECT ADDED ENTRY--TOPICAL TERM
Topical Term Literature
942 ## - ADDED ENTRY ELEMENTS (KOHA)
Koha item type Book
Holdings
Withdrawn status Lost status Damaged status Not for loan Permanent Location Current Location Shelving location Date acquired Cost, normal purchase price Full call number Accession Number Price effective from Koha item type
        Sree Sankaracharya University of Sanskrit Sree Sankaracharya University of Sanskrit Stacks 02.06.2018 395.00 H3 PRA/R 089485 02.06.2018 Book